American History Quiz - Statistics

General Stats
  • This quiz has been taken 2,068 times
  • The average score is 8 of 20
Answer Stats
Hint Answer % Correct
Sailed the blue in 1492 Christopher Columbus
91%
Given to the USA by France Statue of Liberty
81%
What president was responsible for the Louisiana Purchase? Thomas Jefferson
70%
First man to step foot on the moon Neil Armstrong
67%
A day that will live in infamy Pearl Harbor
62%
Gangster that flourished during Prohibition Al Capone
57%
Movie company that produces films from Pirates to Princesses Disney
53%
First President to die in office William Henry Harrison
41%
Monopolized the oil industry John D. Rockefeller
38%
Figurehead of the Trail of Tears Andrew Jackson
37%
Chemical used to destroy Vietnamese crops Agent Orange
36%
First President to be impeached Andrew Johnson
33%
Founder of the Mormon religion Joseph Smith
31%
Terrorized the Southern states for many years Klu Klux Klan
27%
The controversial book that exposed the meat packing industry The Jungle
25%
West coast rapper who repped Death Row Records Tupac Shakur
18%
Invented Basketball James Naismith
16%
President elected on the premise of Manifest Destiny James K. Polk
10%
Sculpted Mount Rushmore Gutzon Borglum
3%
Leader of the Iroquois nation Hiawatha
2%
No matching quizzes found
Score Distribution
Percent of People with Each Score
Percentile by Number Answered
Your Score History
You have not taken this quiz